000 00588nam a2200229Ia 4500
003 OSt
005 20220912144328.0
006 a|||||r|||| 00| 0
007 ta
008 220909b |||||||| |||| 00| 0 eng d
020 _aSL01173991
024 _a187360
037 _cTextual
040 _aCSL
_beng
_cCSL
041 _aeng
082 _aY720aV2:1, N7
100 _aBhandari Js; Channa Sm
245 0 _aTribes and government policies
700 _aBhandari Js; Channa Sm
942 _hY720aV2:1, N7
_cTEXL
_2CC
999 _c5031
_d5031